000 00698nam a2200253Ia 4500
003 OSt
005 20220926012224.0
006 a|||||r|||| 00| 0
007 ta
008 220923b |||||||| |||| 00| 0 eng d
020 _a0 7506 5964 5
037 _cGeneral Book
040 _aRTL
_cRTL
_beng
041 _2eng
_aeng
082 _aX:51.1.P, P3
100 _aCarter Steve
_9306743
245 0 _aInternational marketing strategy 2003-2004
260 _aNew York
_bButterworth-Heinemann
_c2003
300 _axi, 248p
_ccm.
490 _aCIM Course Book
650 _aMarketing
_915998
942 _hX:51.1.P, P3
_cGB
_2CC
999 _c622119
_d622119